Lanean...
Theory of plasma waves
| Egile nagusia: | |
|---|---|
| Formatua: | Printed Book |
| Argitaratua: |
Mcgraw Hill Book Co., New York
1962
|
| Gaiak: |
| LEADER | 00490nam a2200193 4500 | ||
|---|---|---|---|
| 020 | |||
| 082 | |a 537.532 STI-T | ||
| 100 | |a Stix, Thomas Howard | ||
| 245 | |a Theory of plasma waves | ||
| 250 | |||
| 260 | |a Mcgraw Hill Book Co., New York |c 1962 | ||
| 300 | |a 283 | ||
| 490 | |||
| 500 | |||
| 590 | |a rvr | ||
| 650 | |a Oscillations | ||
| 942 | |c BK | ||
| 999 | |c 78864 |d 78864 | ||
| 952 | |0 0 |1 0 |4 0 |6 537_532000000000000_STIT |7 0 |9 92332 |a PHY |b PHY |l 0 |o 537.532 STI-T |p PHY00548 |r 2019-09-24 |w 2019-09-24 |y BK | ||